[Event "International Championship of Central Serbia 2015 - OPEN A"]
[Site "Paracin"]
[Date "2015.07.07"]
[Round "5.1"]
[White "Sedlak, Nikola"]
[Black "Damljanovic, Branko"]
[Result "1/2-1/2"]
[WhiteElo "2537"]
[BlackElo "2565"]
[PlyCount "53"]
[EventDate "2015.07.03"]

1. d4 Nf6 2. c4 g6 3. Nc3 Bg7 4. e4 d6 5. Nf3 O-O 6. Be2 e5 7. O-O Nbd7 8. Qc2
c6 9. d5 c5 10. Bg5 h6 11. Bd2 Nh7 12. g3 Ndf6 13. Nh4 Ng5 14. Kh1 Nh3 15. Rae1
a6 16. b3 Rb8 17. Bd3 b6 18. f3 Bd7 19. a4 Kh7 20. Ng2 h5 21. Nd1 Rh8 22. Nde3
Kg8 23. Nh4 Bh6 24. Bc3 Qe7 25. f4 Bg7 26. Qg2 Bg4 27. fxe5 1/2-1/2

[Event "International Championship of Central Serbia 2015 - OPEN A"]
[Site "Paracin"]
[Date "2015.07.07"]
[Round "5.2"]
[White "Banusz, Tamas"]
[Black "Narayanan, Srinath"]
[Result "1/2-1/2"]
[WhiteElo "2582"]
[BlackElo "2464"]
[PlyCount "53"]
[EventDate "2015.07.03"]

1. Nf3 c5 2. c4 Nc6 3. Nc3 e5 4. g3 g6 5. Bg2 Bg7 6. O-O d6 7. a3 a5 8. d3 Nge7
9. Rb1 O-O 10. Bd2 Rb8 11. Qa4 b6 12. Rfc1 Bb7 13. Ne1 Nd4 14. Bxb7 Rxb7 15. b4
axb4 16. axb4 Qb8 17. Qd1 f5 18. e3 Ne6 19. f4 g5 20. fxg5 Nxg5 21. Nf3 Ne6 22.
Qe2 Qc8 23. Rf1 Ng6 24. Qg2 Rbf7 25. b5 e4 26. Ne1 Ne5 27. Nd5 1/2-1/2

[Event "International Championship of Central Serbia 2015 - OPEN A"]
[Site "Paracin"]
[Date "2015.07.07"]
[Round "5.3"]
[White "Atalik, Suat"]
[Black "Fernandez, Daniel Howard"]
[Result "1/2-1/2"]
[WhiteElo "2564"]
[BlackElo "2472"]
[PlyCount "46"]
[EventDate "2015.07.03"]

1. d4 Nf6 2. c4 g6 3. Nc3 Bg7 4. e4 O-O 5. Nf3 d6 6. Be2 c5 7. d5 b5 8. cxb5 a6
9. a4 axb5 10. Bxb5 Na6 11. O-O Nb4 12. h3 Ba6 13. Re1 Nd7 14. Rb1 c4 15. Be3
Nd3 16. Re2 N7c5 17. e5 Bxb5 18. axb5 Nb3 19. exd6 exd6 20. b6 Ndc5 21. Bxc5
Nxc5 22. Nd2 Qxb6 23. Nxc4 Qa6 1/2-1/2

[Event "International Championship of Central Serbia 2015 - OPEN A"]
[Site "Paracin"]
[Date "2015.07.07"]
[Round "5.4"]
[White "Kosic, Dragan"]
[Black "Filev, Georgi"]
[Result "1-0"]
[WhiteElo "2487"]
[BlackElo "2344"]
[PlyCount "103"]
[EventDate "2015.07.03"]

1. d4 f5 2. Nc3 d5 3. Bf4 a6 4. e3 Nf6 5. Nf3 e6 6. Bd3 c5 7. dxc5 Bxc5 8. O-O
Qe7 9. Ne2 Nbd7 10. Ned4 O-O 11. Bg3 g6 12. Nb3 Bd6 13. Bxd6 Qxd6 14. c4 e5 15.
Be2 b6 16. cxd5 Bb7 17. Nbd2 Bxd5 18. Nc4 Qe7 19. Qd2 Rac8 20. Rfc1 Rfd8 21.
Qe1 Kg7 22. a3 b5 23. Na5 Nc5 24. Qb4 Be4 25. b3 Nd5 26. Qe1 Nf6 27. Nd2 Ba8
28. a4 Nd3 29. Bxd3 Rxc1 30. Rxc1 Rxd3 31. axb5 axb5 32. Nf3 Bxf3 33. gxf3 Nd5
34. Nc6 Qg5+ 35. Kh1 e4 36. Nd4 Kh6 37. Qf1 Qh5 38. fxe4 fxe4 39. h3 Nf4 40.
Kh2 Rd2 41. exf4 Rxd4 42. Qg2 Rd3 43. Re1 Rxb3 44. Rxe4 Rb2 45. Qg3 Qc5 46. Kg2
Qd5 47. Qh4+ Kg7 48. Qe7+ Kh6 49. Kg3 Rb3+ 50. f3 Qf5 51. Re5 Qc8 52. Rh5+ 1-0

[Event "International Championship of Central Serbia 2015 - OPEN A"]
[Site "Paracin"]
[Date "2015.07.07"]
[Round "5.5"]
[White "Abramovic, Bosko"]
[Black "Kadric, Denis"]
[Result "1/2-1/2"]
[WhiteElo "2431"]
[BlackElo "2511"]
[PlyCount "68"]
[EventDate "2015.07.03"]

1. c4 e5 2. Nc3 d6 3. g3 f5 4. Bg2 Be7 5. d3 Nf6 6. e3 O-O 7. Nge2 Qe8 8. O-O
Kh8 9. f4 Bd8 10. Nd5 Nbd7 11. fxe5 Nxe5 12. b3 Neg4 13. Qd2 c6 14. Ndc3 Bd7
15. h3 Nh6 16. Bb2 Bb6 17. d4 Qe7 18. Rae1 Rae8 19. Nf4 Ba5 20. Re2 Nf7 21. a3
Ng5 22. b4 Bc7 23. Qe1 Nge4 24. Nxe4 Nxe4 25. d5 Qg5 26. Kh2 Bd8 27. Bd4 a6 28.
Bxe4 Rxe4 29. Ref2 Kg8 30. Qd2 Qh6 31. Qd1 g6 32. c5 g5 33. Nh5 Be8 34. g4 Bxh5
1/2-1/2

[Event "International Championship of Central Serbia 2015 - OPEN A"]
[Site "Paracin"]
[Date "2015.07.07"]
[Round "5.6"]
[White "Ratkovic, Miloje"]
[Black "Djukic, Nikola"]
[Result "0-1"]
[WhiteElo "2341"]
[BlackElo "2543"]
[PlyCount "108"]
[EventDate "2015.07.03"]

1. d4 Nf6 2. c4 g6 3. Nc3 Bg7 4. e4 d6 5. Nf3 O-O 6. h3 e5 7. d5 a5 8. g4 Na6
9. Be3 c6 10. Nd2 Nc5 11. Be2 a4 12. a3 Qa5 13. f3 Bd7 14. h4 h5 15. g5 Nh7 16.
Kf2 f6 17. gxf6 Rxf6 18. dxc6 bxc6 19. b4 axb3 20. Nxb3 Qxc3 21. Nxc5 Bg4 22.
Qb3 Qa5 23. Nb7 Qc7 24. c5+ d5 25. Kg2 Be6 26. Qb6 Qd7 27. Nd6 Bf8 28. exd5
Bxd5 29. Ne4 Rf7 30. Rhd1 Be7 31. Bf2 Raf8 32. Bg3 Qf5 33. Qb1 g5 34. Nxg5 Bxg5
35. Qxf5 Rxf5 36. hxg5 Nxg5 37. Kh2 Bxf3 38. Bc4+ Kh8 39. Rd6 Ne4 40. Bh4 Nxd6
41. cxd6 Rf4 42. Be7 Rb8 43. Be6 Rb2+ 44. Kg3 Rg2+ 45. Kh3 Rd2 46. Re1 Bg4+ 47.
Bxg4 hxg4+ 48. Kh4 Rd5 49. Bg5 Rf2 50. Kg3 Rf7 51. Kxg4 Rxd6 52. Rxe5 Kg7 53.
Be3 Rg6+ 54. Kh5 Kf6 0-1

[Event "International Championship of Central Serbia 2015 - OPEN A"]
[Site "Paracin"]
[Date "2015.07.07"]
[Round "5.7"]
[White "Carnic, Srdjan"]
[Black "Smith, Bryan G"]
[Result "1/2-1/2"]
[WhiteElo "2317"]
[BlackElo "2479"]
[PlyCount "45"]
[EventDate "2015.07.03"]

1. e4 c5 2. Nf3 d6 3. d4 cxd4 4. Qxd4 a6 5. c4 Nc6 6. Qd2 g6 7. Nc3 Bg7 8. Be2
Nf6 9. O-O O-O 10. h3 Be6 11. Rb1 Qa5 12. b4 Nxb4 13. Nd5 Nc6 14. Nxe7+ Kh8 15.
Nxc6 Qxd2 16. Nxd2 bxc6 17. Ba3 Rfd8 18. f4 Ne8 19. Bb2 Rab8 20. Bxg7+ Kxg7 21.
Bd3 f6 22. Nf3 c5 23. Kf2 1/2-1/2

[Event "International Championship of Central Serbia 2015 - OPEN A"]
[Site "Paracin"]
[Date "2015.07.07"]
[Round "5.8"]
[White "Cvetkovic, Srdjan"]
[Black "Kozhuharov, Spas"]
[Result "1/2-1/2"]
[WhiteElo "2301"]
[BlackElo "2460"]
[PlyCount "39"]
[EventDate "2015.07.03"]

1. c4 c6 2. Nf3 d5 3. b3 Bf5 4. g3 e6 5. Bg2 h6 6. O-O Nf6 7. Bb2 Nbd7 8. d3
Bc5 9. Nbd2 O-O 10. a3 a5 11. Ra2 Re8 12. Qa1 Bf8 13. Re1 Bh7 14. Bc3 b5 15.
cxb5 cxb5 16. b4 axb4 17. Bxb4 Bxb4 18. axb4 Rxa2 19. Qxa2 e5 20. Qa5 1/2-1/2

[Event "International Championship of Central Serbia 2015 - OPEN A"]
[Site "Paracin"]
[Date "2015.07.07"]
[Round "5.9"]
[White "Strugnell, Carl"]
[Black "Nestorovic, Nikola"]
[Result "1/2-1/2"]
[WhiteElo "2275"]
[BlackElo "2452"]
[PlyCount "102"]
[EventDate "2015.07.03"]

1. e4 e5 2. Nf3 Nc6 3. Bb5 Nge7 4. c3 d5 5. Nxe5 dxe4 6. d4 exd3 7. Qf3 Be6 8.
O-O Qd5 9. Qxd5 Bxd5 10. Nxd3 a6 11. Ba4 Bc4 12. Rd1 Ng6 13. Bxc6+ bxc6 14.
Re1+ Kd7 15. Rd1 Bd6 16. Na3 Bxd3 17. Rxd3 Rhe8 18. Be3 Ne5 19. Rdd1 Ke6 20.
Nc2 c5 21. b3 a5 22. h3 f5 23. Re1 Kd7 24. Rad1 Kc6 25. Kf1 a4 26. b4 g6 27.
bxc5 Bxc5 28. Nb4+ Bxb4 29. cxb4 Nc4 30. Rd4 Re4 31. Rxe4 fxe4 32. Bc1 Re8 33.
Rd1 Re5 34. Ke2 Rd5 35. Re1 Kb5 36. a3 Kc6 37. f3 exf3+ 38. Kxf3 Rd3+ 39. Ke4
Rg3 40. Re2 Kb5 41. Rc2 Nxa3 42. Rxc7 Kxb4 43. Bf4 Rxg2 44. Bd6+ Kb3 45. Rb7+
Ka2 46. Rb4 Re2+ 47. Kf4 Rh2 48. Kg4 h5+ 49. Kh4 g5+ 50. Kxh5 Rxh3+ 51. Kxg5
Rd3 1/2-1/2

[Event "International Championship of Central Serbia 2015 - OPEN A"]
[Site "Paracin"]
[Date "2015.07.07"]
[Round "5.10"]
[White "Radovanovic, Mihajlo"]
[Black "Lajthajm, Borko"]
[Result "1/2-1/2"]
[WhiteElo "2245"]
[BlackElo "2443"]
[PlyCount "188"]
[EventDate "2015.07.03"]

1. Nf3 Nf6 2. c4 g6 3. g3 Bg7 4. Bg2 O-O 5. O-O d5 6. cxd5 Nxd5 7. d4 c6 8. h3
Nd7 9. e4 Nc7 10. Nc3 Nb6 11. a4 a5 12. Re1 Be6 13. Bf4 Qd7 14. Ng5 Bc4 15. b3
Ba6 16. Rc1 Rad8 17. Qg4 h6 18. Nf3 Qxg4 19. hxg4 Ne6 20. Be3 Nxd4 21. Nxd4
Bxd4 22. Bxh6 Rfe8 23. Ne2 Bb2 24. Rc2 Ba3 25. Be3 Bb4 26. Rec1 Nd7 27. Bd4 Nf6
28. Bb6 Rd3 29. Bf1 Nxe4 30. Nf4 Rxb3 31. Bxa6 bxa6 32. Rxc6 Bd2 33. R1c4 Ng5
34. Kg2 Kg7 35. Bc7 e5 36. Nd5 Nf3 37. Rxa6 Rh8 38. Nc3 e4 39. Nxe4 Rh2+ 40.
Kf1 Rh1+ 41. Kg2 Rg1+ 42. Kh3 Rh1+ 43. Kg2 Rh2+ 44. Kf1 f5 45. gxf5 gxf5 46.
Be5+ Nxe5 47. Rc7+ Nf7 48. Nxd2 Rb2 49. Rd7 f4 50. Raa7 Kg6 51. Rxf7 fxg3 52.
Rg7+ Kf5 53. Rxa5+ Kf6 54. Rxg3 Rxd2 55. Rf3+ Ke6 56. Kg1 Rh4 57. Re3+ Kf6 58.
Rb3 Rg4+ 59. Kf1 Rd6 60. Rf3+ Kg6 61. Ra8 Kg7 62. Rg3 Rxg3 63. fxg3 Rd2 64. a5
Ra2 65. a6 Kh7 66. Ke1 Kg7 67. Kd1 Ra3 68. a7 Ra2 69. Kc1 Ra3 70. Kc2 Ra4 71.
Kc3 Ra1 72. g4 Ra2 73. Kc4 Ra1 74. Kd5 Rd1+ 75. Ke5 Re1+ 76. Kf5 Rf1+ 77. Kg5
Ra1 78. Kh5 Rh1+ 79. Kg5 Ra1 80. Kf4 Rf1+ 81. Ke3 Re1+ 82. Kd2 Ra1 83. Kc2 Ra5
84. Kb3 Ra1 85. g5 Ra5 86. Kb4 Ra1 87. Kc3 Ra2 88. Kc4 Ra1 89. Kc5 Rc1+ 90. Kb6
Rb1+ 91. Ka5 Ra1+ 92. Kb4 Rb1+ 93. Ka4 Ra1+ 94. Kb3 Ra5 1/2-1/2

[Event "International Championship of Central Serbia 2015 - OPEN A"]
[Site "Paracin"]
[Date "2015.07.07"]
[Round "5.11"]
[White "Gajic, Mladen"]
[Black "Ratkovic, Milovan"]
[Result "0-1"]
[WhiteElo "2227"]
[BlackElo "2385"]
[PlyCount "64"]
[EventDate "2015.07.03"]

1. e4 c5 2. c3 d6 3. d4 Nf6 4. f3 Nc6 5. dxc5 d5 6. exd5 Nxd5 7. a3 e5 8. b4
Be6 9. Bb5 Be7 10. c4 Nc7 11. Bxc6+ bxc6 12. Qe2 O-O 13. Bb2 f6 14. Qc2 a5 15.
f4 axb4 16. axb4 Rxa1 17. Bxa1 Na6 18. Qc3 Qb8 19. Nd2 Nxb4 20. fxe5 fxe5 21.
Ngf3 Bxc5 22. Nb3 Qa7 23. Ke2 Rf4 24. Nbd2 e4 25. Rb1 exf3+ 26. gxf3 Bf5 27.
Re1 Bd3+ 28. Kd1 Bd4 29. Re8+ Kf7 30. Rf8+ Kxf8 31. Qxb4+ c5 32. Bxd4 Rxd4 0-1

[Event "International Championship of Central Serbia 2015 - OPEN A"]
[Site "Paracin"]
[Date "2015.07.07"]
[Round "5.12"]
[White "Savic, Miodrag R"]
[Black "Marjanovics, Annamaria"]
[Result "1-0"]
[WhiteElo "2505"]
[BlackElo "2277"]
[PlyCount "83"]
[EventDate "2015.07.03"]

1. e4 e5 2. Nf3 Nc6 3. Bc4 Bc5 4. c3 Nf6 5. d3 a6 6. O-O Ba7 7. Be3 d6 8. Bb3
O-O 9. Nbd2 h6 10. h3 Re8 11. Bxa7 Rxa7 12. Re1 Ra8 13. Nf1 g6 14. Ng3 Be6 15.
Bxe6 Rxe6 16. d4 Re8 17. Qd2 Kg7 18. Rad1 Qe7 19. Nh2 Nh7 20. Ng4 Qg5 21. Ne3
Kg8 22. Qc2 Nf6 23. Nd5 Rac8 24. Qb3 b5 25. a4 bxa4 26. Qxa4 Nb8 27. Re3 c6 28.
Nxf6+ Qxf6 29. Rf3 Qe7 30. dxe5 Qxe5 31. Qb4 Rcd8 32. Rfd3 Re6 33. Qb6 Ree8 34.
Qb7 Rd7 35. Qb4 Red8 36. Qb6 Qb5 37. Qe3 Kh7 38. R1d2 a5 39. f4 Na6 40. e5 d5
41. Ne4 Kg7 42. e6 1-0

[Event "International Championship of Central Serbia 2015 - OPEN A"]
[Site "Paracin"]
[Date "2015.07.07"]
[Round "5.13"]
[White "Malekian, Babak"]
[Black "Mohammad, Nubairshah Shaikh"]
[Result "1/2-1/2"]
[WhiteElo "2262"]
[BlackElo "2423"]
[PlyCount "160"]
[EventDate "2015.07.03"]

1. c4 c6 2. d4 d5 3. cxd5 cxd5 4. Nf3 Nf6 5. Nc3 Nc6 6. Bf4 Ne4 7. e3 Nxc3 8.
bxc3 e6 9. Bd3 Bd6 10. Bxd6 Qxd6 11. O-O O-O 12. c4 dxc4 13. Bxc4 b6 14. Rc1
Bb7 15. d5 Na5 16. dxe6 Nxc4 17. Rxc4 Qxe6 18. Qc2 Rfc8 19. Rc1 Rxc4 20. Qxc4
Rc8 21. Qf1 Rxc1 22. Qxc1 Qxa2 23. Nd4 Qd5 24. f3 Qc5 25. Qxc5 bxc5 26. Nb3 c4
27. Nd4 c3 28. Kf2 a5 29. Ke1 Ba6 30. Kd1 Bd3 31. Nc6 a4 32. Ne7+ Kf8 33. Nd5
Bf1 34. Nxc3 Bxg2 35. Nxa4 Bxf3+ 36. Ke1 Ke7 37. Kf2 Bc6 38. Nc3 Kd6 39. Kg3
Ke5 40. Kg4 f6 41. Kg3 Kf5 42. Ne2 Ke4 43. Kf2 Bd7 44. Ng3+ Ke5 45. Kf3 Ba4 46.
Ke2 Bb3 47. Nh5 Bf7 48. Nf4 g5 49. Nd3+ Kf5 50. Kf3 Bd5+ 51. Kg3 h5 52. Nc5 h4+
53. Kf2 Bc6 54. Kg1 Kg4 55. Kf2 Kh3 56. Kg1 g4 57. Nd3 g3 58. Nf4+ Kg4 59. hxg3
hxg3 60. Ne2 Bb7 61. Nd4 Bd5 62. Kf1 Kh3 63. Kg1 Be4 64. Ne2 f5 65. Nd4 Kh4 66.
Ne2 Kg4 67. Nd4 Kh3 68. Ne2 g2 69. Nd4 Kg3 70. Ne2+ Kf3 71. Nd4+ Kg4 72. Kf2
Kh3 73. Kg1 Bd3 74. Ne6 Kg3 75. Nd4 Kh3 76. Ne6 Bf1 77. e4 fxe4 78. Ng5+ Kg3
79. Nxe4+ Kf3 80. Ng5+ Ke3 1/2-1/2

[Event "International Championship of Central Serbia 2015 - OPEN A"]
[Site "Paracin"]
[Date "2015.07.07"]
[Round "5.14"]
[White "Radovanovic, Nikola"]
[Black "Baglan, Esat"]
[Result "1-0"]
[WhiteElo "2420"]
[BlackElo "2257"]
[PlyCount "41"]
[EventDate "2015.07.03"]

1. e4 e6 2. Qe2 c5 3. g3 Nc6 4. c3 Nge7 5. Bg2 g6 6. d3 Bg7 7. Nf3 d5 8. O-O b6
9. e5 Qc7 10. Re1 h6 11. h4 Bb7 12. Na3 a6 13. Nc2 O-O-O 14. b4 c4 15. dxc4
dxc4 16. Qxc4 Nd5 17. Bb2 Rd7 18. a4 Nce7 19. Qb3 Kb8 20. c4 Rc8 21. Na3 1-0

[Event "International Championship of Central Serbia 2015 - OPEN A"]
[Site "Paracin"]
[Date "2015.07.07"]
[Round "5.15"]
[White "Radlovacki, Jovan"]
[Black "Radovic, Janko"]
[Result "1-0"]
[WhiteElo "2393"]
[BlackElo "2256"]
[PlyCount "103"]
[EventDate "2015.07.03"]

1. e4 c5 2. Nf3 d6 3. d4 cxd4 4. Qxd4 Bd7 5. Bg5 Nc6 6. Qd2 h6 7. Bh4 g5 8. Bg3
Bg7 9. Nc3 Nf6 10. e5 dxe5 11. Nxe5 Nxe5 12. Bxe5 Qa5 13. Qd4 O-O 14. a4 Bf5
15. b4 Qd8 16. O-O-O Qxd4 17. Bxd4 Rac8 18. Bd3 Bxd3 19. Rxd3 Rc4 20. Bxf6 Bxf6
21. Nd5 Kg7 22. c3 a5 23. Kc2 axb4 24. Kb3 Rfc8 25. cxb4 Rc2 26. Nxf6 Kxf6 27.
Rf3+ Kg6 28. a5 g4 29. Rf4 f5 30. Re1 Kf6 31. Rd4 Rxf2 32. Rd7 Rb8 33. Rdxe7
Rxg2 34. R1e6+ Kg5 35. Rg7+ Kf4 36. Rxh6 Re2 37. Ka4 Kf3 38. Kb5 Re4 39. Rf6 f4
40. Rfg6 Re2 41. Rxg4 Rxh2 42. R4g6 Rb2 43. Rf6 Re8 44. Rxb7 Re4 45. Ka4 Re5
46. a6 Re3 47. b5 Ra2+ 48. Kb4 Re4+ 49. Kc5 Ke3 50. Kb6 Re5 51. a7 Ke4 52. Rb8
1-0

[Event "International Championship of Central Serbia 2015 - OPEN A"]
[Site "Paracin"]
[Date "2015.07.07"]
[Round "5.16"]
[White "Petrov, Martin"]
[Black "Martynov, Pavel"]
[Result "0-1"]
[WhiteElo "2276"]
[BlackElo "2385"]
[PlyCount "88"]
[EventDate "2015.07.03"]

1. e4 e6 2. d4 d5 3. Nd2 c5 4. exd5 Qxd5 5. Ngf3 cxd4 6. Bc4 Qd7 7. O-O Nc6 8.
Nb3 Nf6 9. Re1 Bb4 10. Re2 O-O 11. Bg5 Be7 12. Nbxd4 Nxd4 13. Qxd4 Qxd4 14.
Nxd4 Bd7 15. Rd1 Rfc8 16. Bb3 Be8 17. Rd3 h6 18. Bh4 Bf8 19. a4 Nh5 20. Red2 g5
21. Bg3 Nxg3 22. hxg3 Rc5 23. g4 a6 24. c3 Be7 25. Rh3 Bf8 26. Rhd3 Bg7 27. Nc2
Kf8 28. Rd8 Rxd8 29. Rxd8 Ke7 30. Rb8 Rc7 31. Na3 Be5 32. Nc4 Bf4 33. Nb6 Bc1
34. Na8 Rc5 35. Rxb7+ Kf6 36. Nc7 Bc6 37. Nxa6 Re5 38. f4 Bxf4 39. Rb4 Re2 40.
Nb8 Bg3 41. Bc4 Rxg2+ 42. Kf1 Bf3 43. Nd7+ Kg7 44. Nc5 Rh2 0-1

[Event "International Championship of Central Serbia 2015 - OPEN A"]
[Site "Paracin"]
[Date "2015.07.07"]
[Round "5.17"]
[White "Kinsiz, Onur"]
[Black "Zivkovic, Ivan B"]
[Result "1/2-1/2"]
[WhiteElo "2253"]
[BlackElo "2347"]
[PlyCount "79"]
[EventDate "2015.07.03"]

1. e4 c5 2. Nf3 g6 3. d4 cxd4 4. Nxd4 Nc6 5. c4 Nf6 6. Nc3 d6 7. Nc2 Bg7 8. Be2
O-O 9. Be3 Nd7 10. O-O Nc5 11. f3 f5 12. exf5 gxf5 13. f4 Bxc3 14. bxc3 Qa5 15.
Rf3 Rf6 16. Qe1 Ne4 17. Nb4 Bd7 18. Bd3 Rg6 19. Bxe4 fxe4 20. Rg3 Qf5 21. Rd1
Rxg3 22. Qxg3+ Qg4 23. Qxg4+ Bxg4 24. Rb1 Na5 25. Nd5 b6 26. Nxe7+ Kf7 27. Nd5
Nxc4 28. Bd4 Rc8 29. Re1 Bf5 30. Nf6 e3 31. Nd5 Be6 32. Nxe3 Nxe3 33. Rxe3 Bxa2
34. Kf2 Be6 35. h3 h5 36. Re1 h4 37. Ra1 Rc7 38. Rb1 Bc4 39. Kf3 Bd5+ 40. Kf2
1/2-1/2

[Event "International Championship of Central Serbia 2015 - OPEN A"]
[Site "Paracin"]
[Date "2015.07.07"]
[Round "5.18"]
[White "Mladenovic, Stefan"]
[Black "Budimir, Boris"]
[Result "0-1"]
[WhiteElo "2341"]
[BlackElo "2236"]
[PlyCount "88"]
[EventDate "2015.07.03"]

1. d4 Nf6 2. Nf3 c5 3. d5 d6 4. Nc3 g6 5. e4 Bg7 6. Be2 O-O 7. O-O Na6 8. Nd2
Nc7 9. a4 Rb8 10. f3 b6 11. Nc4 a6 12. Be3 Bd7 13. a5 b5 14. Nb6 b4 15. Nb1 Bb5
16. c4 bxc3 17. Nxc3 Nd7 18. Nxb5 Nxb5 19. Bxb5 axb5 20. Nxd7 Qxd7 21. Qd2 b4
22. Ra2 Qb5 23. a6 Ra8 24. a7 Rfc8 25. Rfa1 Rc7 26. Kf2 Qd7 27. g3 b3 28. Ra6
Rcxa7 29. Qd3 Rxa6 30. Rxa6 Rxa6 31. Qxa6 Bxb2 32. Qb6 c4 33. Qc6 Qd8 34. Qxc4
Qb8 35. Ke2 Bf6 36. Qd3 b2 37. Qb1 Qb5+ 38. Kd2 Qb4+ 39. Kd3 Qc3+ 40. Ke2 Qc4+
41. Kf2 Qa4 42. Bh6 Qa1 43. Qc2 Bd4+ 44. Kg2 Bc5 0-1

[Event "International Championship of Central Serbia 2015 - OPEN A"]
[Site "Paracin"]
[Date "2015.07.07"]
[Round "5.19"]
[White "Popovic, Djordje D"]
[Black "Somborski, Nebojsa"]
[Result "1/2-1/2"]
[WhiteElo "2219"]
[BlackElo "2325"]
[PlyCount "42"]
[EventDate "2015.07.03"]

1. d4 d5 2. c4 e6 3. Nc3 Be7 4. Nf3 Nf6 5. cxd5 exd5 6. Bg5 c6 7. Qc2 g6 8. e3
Bf5 9. Bd3 Bxd3 10. Qxd3 Nbd7 11. O-O O-O 12. Rab1 a5 13. Qc2 Re8 14. a3 Ne4
15. Bxe7 Qxe7 16. Nxe4 Qxe4 17. Qxe4 Rxe4 18. Nd2 Re7 19. Nf3 Nf6 20. Ne5 Nd7
21. Nxd7 Rxd7 1/2-1/2

[Event "International Championship of Central Serbia 2015 - OPEN A"]
[Site "Paracin"]
[Date "2015.07.07"]
[Round "5.20"]
[White "Kett, Tim"]
[Black "Brankovic, Dejan"]
[Result "0-1"]
[WhiteElo "2219"]
[BlackElo "2322"]
[PlyCount "68"]
[EventDate "2015.07.03"]

1. d4 Nf6 2. Nc3 c5 3. d5 e5 4. e4 d6 5. f4 exf4 6. Bxf4 Be7 7. Nf3 O-O 8. Bd3
a6 9. a4 Bg4 10. O-O Nbd7 11. Qe1 Nh5 12. Nd2 Nxf4 13. Rxf4 Ne5 14. Nc4 Nxc4
15. Bxc4 Bc8 16. e5 dxe5 17. d6 exf4 18. dxe7 Qd4+ 19. Kh1 Re8 20. Qe2 Bg4 21.
Qxg4 Qxc4 22. Qg5 Qe6 23. Nd5 h6 24. Qh5 Rxe7 25. Nxe7+ Qxe7 26. h3 Rd8 27. Rf1
Rd2 28. Qf5 g5 29. b3 a5 30. c4 b6 31. Qc8+ Kg7 32. Qc6 Qe6 33. Qc7 Qe2 34. Rg1
f3 0-1

[Event "International Championship of Central Serbia 2015 - OPEN A"]
[Site "Paracin"]
[Date "2015.07.07"]
[Round "5.21"]
[White "Stefanov, Emil"]
[Black "Marholev, Dimitar"]
[Result "0-1"]
[WhiteElo "2088"]
[BlackElo "2317"]
[PlyCount "80"]
[EventDate "2015.07.03"]

1. d4 Nc6 2. c4 e5 3. d5 Nce7 4. Nc3 Ng6 5. a3 Nf6 6. h4 Be7 7. h5 Nf8 8. h6 g6
9. Nf3 Ng4 10. g3 d6 11. Bh3 a6 12. e4 Bd7 13. Nd2 Nf6 14. Bxd7+ N8xd7 15. b4
O-O 16. Qe2 c6 17. Bb2 Rc8 18. Nb3 cxd5 19. cxd5 Nb6 20. Na5 Qd7 21. f3 Na4 22.
Nxa4 Qxa4 23. g4 Bd8 24. Nc4 b5 25. Ne3 Bb6 26. Rh2 Qb3 27. Nd1 Rc4 28. Rc1
Rfc8 29. Rxc4 Rxc4 30. Rg2 a5 31. bxa5 Bxa5+ 32. Kf1 Bb6 33. Ke1 Bc5 34. Kf1
Nd7 35. Ke1 Nb6 36. Kf1 Na4 37. Ke1 Bb6 38. g5 Ba5+ 39. Kf1 Nxb2 40. Nxb2 Rc1+
0-1

[Event "International Championship of Central Serbia 2015 - OPEN A"]
[Site "Paracin"]
[Date "2015.07.07"]
[Round "5.22"]
[White "Petrov, Vladimir Sergeev"]
[Black "Zarkovic, Mila"]
[Result "1-0"]
[WhiteElo "2307"]
[BlackElo "2209"]
[PlyCount "83"]
[EventDate "2015.07.03"]

1. e4 c5 2. Nf3 e6 3. d4 cxd4 4. Nxd4 a6 5. Nc3 d6 6. Be2 Nf6 7. O-O Be7 8. Be3
Qc7 9. f4 O-O 10. Kh1 b5 11. e5 dxe5 12. fxe5 Nfd7 13. Bf4 Bb7 14. Bd3 Nc5 15.
Qg4 Rd8 16. Bg3 Nxd3 17. Rxf7 Kxf7 18. Rf1+ Kg8 19. Nxe6 Bxg2+ 20. Kxg2 Qc6+
21. Kh3 g6 22. Nxd8 Bxd8 23. cxd3 Nd7 24. d4 h5 25. Qe4 Qe6+ 26. Kg2 Rc8 27. d5
Qe8 28. e6 Nf6 29. Qd3 Rc4 30. Rf4 h4 31. Rxh4 Rxh4 32. Bxh4 Nxd5 33. Nxd5 Bxh4
34. Qe4 Bg5 35. Qe5 Be7 36. Qc7 Kf8 37. Kf3 g5 38. Qxe7+ Qxe7 39. Nxe7 Kxe7 40.
Kg4 Kxe6 41. Kxg5 Kf7 42. Kf5 1-0

[Event "International Championship of Central Serbia 2015 - OPEN A"]
[Site "Paracin"]
[Date "2015.07.07"]
[Round "5.23"]
[White "Akman, Ozgur"]
[Black "Djordjevic, Vuk"]
[Result "1/2-1/2"]
[WhiteElo "1964"]
[BlackElo "2287"]
[PlyCount "75"]
[EventDate "2015.07.03"]

1. e4 d5 2. exd5 Qxd5 3. Nc3 Qd6 4. d4 Nf6 5. Nf3 c6 6. g3 Bg4 7. Bg2 e6 8. O-O
Be7 9. Bf4 Qd8 10. h3 Bh5 11. g4 Bg6 12. Ne5 Nbd7 13. Qe2 Nxe5 14. dxe5 Nd7 15.
Rad1 Qc7 16. Ne4 Bxe4 17. Bxe4 O-O-O 18. Bf3 Rhe8 19. Bg3 Nf8 20. h4 Rxd1 21.
Rxd1 Qa5 22. a3 Rd8 23. c3 Rxd1+ 24. Qxd1 Qd8 25. h5 Qxd1+ 26. Bxd1 Nd7 27. Bc2
h6 28. Kf1 Nb6 29. a4 Nd5 30. Ke2 Bg5 31. c4 Nc7 32. Be4 Bc1 33. b3 Kd7 34. f3
b5 35. Bf2 Bf4 36. Bxa7 Na6 37. Bc2 Kd8 38. Be4 1/2-1/2

[Event "International Championship of Central Serbia 2015 - OPEN A"]
[Site "Paracin"]
[Date "2015.07.07"]
[Round "5.24"]
[White "Gavrilescu, David"]
[Black "Tselkovskiy, Kirill"]
[Result "0-1"]
[WhiteElo "2282"]
[BlackElo "2137"]
[PlyCount "138"]
[EventDate "2015.07.03"]

1. e4 d6 2. d4 g6 3. Nc3 Bg7 4. f4 Nc6 5. Be3 Nf6 6. Be2 e6 7. Nf3 Ne7 8. h3 b6
9. Bb5+ c6 10. Bd3 O-O 11. Qd2 Bb7 12. O-O c5 13. e5 Nfd5 14. exd6 Qxd6 15.
dxc5 bxc5 16. Ne4 Qc7 17. Ne5 Nxe3 18. Qxe3 Rac8 19. Nc3 Nc6 20. Rae1 c4 21.
Be4 Nxe5 22. fxe5 Bxe4 23. Nxe4 Qxe5 24. c3 f5 25. Ng5 Qxe3+ 26. Rxe3 Bh6 27.
h4 Bxg5 28. hxg5 Kf7 29. Rfe1 Rc6 30. Rh3 Kg7 31. Rhe3 Re8 32. Rd1 Re7 33. Kf2
h6 34. gxh6+ Kxh6 35. Rd8 Rb7 36. Re2 e5 37. Rd5 e4 38. g4 Rf7 39. Ke3 Re6 40.
gxf5 Rxf5 41. Kd4 Kg5 42. Rd7 Kf4 43. b3 cxb3 44. axb3 e3 45. c4 Kf3 46. Kd3 a5
47. Rd8 g5 48. c5 Rxc5 49. Rf8+ Kg3 50. Kd4 Rb5 51. Kc4 Rb4+ 52. Kc3 Rb5 53.
Kc4 Ree5 54. Re1 Rbc5+ 55. Kd4 Rcd5+ 56. Kc4 Rd2 57. Rg1+ Rg2 58. Re1 Rf2 59.
Rh8 e2 60. Kd3 Rf3+ 61. Kd2 Rxb3 62. Rf8 g4 63. Rg1+ Kh2 64. Re1 g3 65. Rh8+
Kg2 66. Rxe2+ Rxe2+ 67. Kxe2 Rb2+ 68. Ke3 a4 69. Ra8 Ra2 0-1

[Event "International Championship of Central Serbia 2015 - OPEN A"]
[Site "Paracin"]
[Date "2015.07.07"]
[Round "5.25"]
[White "Vavulin, Maksim"]
[Black "Persson, Richard"]
[Result "1-0"]
[WhiteElo "2445"]
[BlackElo "2158"]
[PlyCount "65"]
[EventDate "2015.07.03"]

1. e4 e6 2. d4 d5 3. Bd3 dxe4 4. Bxe4 Nf6 5. Bf3 c5 6. Ne2 Nc6 7. Be3 cxd4 8.
Nxd4 Ne5 9. Nc3 a6 10. Qe2 Bb4 11. O-O-O Qe7 12. Bg5 Nxf3 13. Qxf3 Bxc3 14. Nc6
bxc6 15. Qxc6+ Bd7 16. Qxa8+ Qd8 17. Qxd8+ Kxd8 18. bxc3 Ke7 19. Rd4 Rc8 20.
Rhd1 Bb5 21. a4 Be8 22. Rb4 h6 23. Rb7+ Kf8 24. Bxf6 gxf6 25. Rd4 e5 26. Rd6
Bxa4 27. Rxf6 Be8 28. Ra7 Kg7 29. Raxa6 Rxc3 30. Rf5 Bb5 31. Ra5 Bc6 32. Rfxe5
Bxg2 33. Re3 1-0